• 首页
  • 本馆介绍
  • 公告通知
  • 最新文献
  • 馆藏检索
  • 电子资源
  • 读者导购
  • 参考咨询
  • 我的图书馆
  • 登录
  • 详细信息显示
  • 放入我的书架
  • 预约/预借图书
  • 作者相关作品
  • 分类相关作品
  • 丛书相关作品
  • 出版社相关作品

书目信息

  • 表格格式
  • 工作单格式
  • 卡片格式
题名:
这就是微学习
    
 
作者: 卡普 , 德费利斯 著 ;钱思玎 译
分册:  
出版信息: 杭州   浙江教育出版社  2021
页数: 216页
开本: 21cm
丛书名:
单 册:
中图分类: G442
科图分类:
主题词: 学习方法--xue xi fang fa
电子资源:
ISBN: 978-7-5722-1072-3
000 01352nam0 2200289 450
001 2159796738
005 20211113163326.68
010    @a978-7-5722-1072-3@dCNY69.90
100    @a20210112d2021 em y0chiy50 ea
101 1  @achi@ceng
102    @aCN@b330000
105    @aak z 000yy
200 1  @a这就是微学习@Azhe jiu shi wei xue xi@f(美) 卡尔·卡普, 罗宾·德费利斯著@d= Microlearning@fKarl M. Kapp, Robyn A. Defelice@g钱思玎译@zeng
210    @a杭州@c浙江教育出版社@d2021
215    @a216页@c图@d21cm
300    @a湛庐
306    @aThe American Society for Training & Development (ASTD) d/b/a Association for Talent Development授权出版 限中国大陆发行
312    @a书名原文取自版权页
330    @a本书作者对微学习进行了深度解读。重新厘清了微学习的定义,阐释了微学习如何融入传统的4大学习理论以及微学习适用的3大学习范畴、微学习的6大应用场景等。另外,着重介绍了微学习的实践应用,为微学习的规划、实施、交付、评估等提供了可行的行动指南,如制订微学习策略的3大核心要素、计划与实施微学习的3阶段、评估微学习的6个关键问题等。
500 10 @aMicrolearning: short and sweet@mChinese
606 0  @a学习方法@Axue xi fang fa
690    @aG442@v5
701  1 @a卡普@Aka pu@g(Kapp, Karl M.)@4著
701  1 @a德费利斯@Ade fei li si@g(Defelice, Robyn A.)@4著
702  0 @a钱思玎@Aqian si ding@4译
801  0 @aCN@bBP@c20210112
905    @aZUCC@dG442@e15
    
    这就是微学习/(美) 卡尔·卡普, 罗宾·德费利斯著= Microlearning/Karl M. Kapp, Robyn A. Defelice/钱思玎译.-杭州:浙江教育出版社,2021
    216页:图;21cm
    湛庐
    
    ISBN 978-7-5722-1072-3:CNY69.90
    本书作者对微学习进行了深度解读。重新厘清了微学习的定义,阐释了微学习如何融入传统的4大学习理论以及微学习适用的3大学习范畴、微学习的6大应用场景等。另外,着重介绍了微学习的实践应用,为微学习的规划、实施、交付、评估等提供了可行的行动指南,如制订微学习策略的3大核心要素、计划与实施微学习的3阶段、评估微学习的6个关键问题等。
●
相关链接 在五车中查询图书 在当当中查询图书 在豆瓣中查询图书


正题名:这就是微学习     索取号:G442/15         预约/预借

序号 登录号 条形码 馆藏地/架位号 状态 备注
1 2000884429   2000884429   第二书库/ [索取号:G442/15] 在馆    
2 2000884430   2000884430   第二书库/ [索取号:G442/15] 在馆    
3 2000884431   2000884431   第二书库/ [索取号:G442/15] 在馆    
山东省滨州职业学院图书馆 欢迎您!
大连网信软件有限公司© 版权所有